Toledo Museum of Art (Record no. 6939)

MARC details
000 -CABECERA
campo de control de longitud fija 00629nam a2200205 a 4500
001 - NÚMERO DE CONTROL
campo de control BRCA_7258
005 - FECHA Y HORA DE LA ÚLTIMA TRANSACCIÓN
campo de control 20190320205754.0
008 - DATOS DE LONGITUD FIJA--INFORMACIÓN GENERAL
campo de control de longitud fija 260112s2005----cc-a######---#000-0#eng-#
020 ## - NÚMERO INTERNACIONAL ESTÁNDAR DEL LIBRO
Número Internacional Estándar del Libro 1857593359
041 ## - CÓDIGO DE LENGUA
Código de lengua del texto/banda sonora o título independiente eng
044 ## - CÓDIGO DEL PAÍS DE LA ENTIDAD EDITORA/PRODUCTORA
Código MARC del país cc
050 #4 - SIGNATURA TOPOGRÁFICA DE LA BIBLIOTECA DEL CONGRESO
Número de clasificación N820
Número de documento/Ítem .R45 2005
100 1# - ENTRADA PRINCIPAL--NOMBRE DE PERSONA
Nombre de persona Reich, Paula
9 (RLIN) 17976
245 10 - MENCIÓN DE TÍTULO
Título Toledo Museum of Art
Resto del título map and guide
Mención de responsabilidad, etc. Paula Reich.
260 ## - PUBLICACIÓN, DISTRIBUCIÓN, ETC.
Lugar de publicación, distribución, etc. China
Nombre del editor, distribuidor, etc. Scala Publishers
Fecha de publicación, distribución, etc. c2005
300 ## - DESCRIPCIÓN FÍSICA
Extensión 64 p.
Otras características físicas il. a color
Dimensiones 23 cm.
500 ## - NOTA GENERAL
Nota general Incluye una dedicatoria al Museo Franz Mayer del Toledo Museum of Art
610 24 - PUNTO DE ACCESO ADICIONAL DE MATERIA--NOMBRE DE ENTIDAD CORPORATIVA
Nombre de entidad corporativa o nombre de jurisdicción como elemento de entrada Toledo Museum of Art
Subdivisión de forma Guías
Subdivisión general Colecciones de arte
9 (RLIN) 17977
942 ## - ELEMENTOS DE PUNTO DE ACCESO ADICIONAL (KOHA)
Fuente del sistema de clasificación o colocación Library of Congress Classification
Tipo de ítem Koha Libros
Holdings
Estado de retiro Estado de pérdida Estado dañado No para préstamo Localización permanente Ubicación/localización actual Fecha de adquisición Total de préstamos Signatura topográfica completa Código de barras Fecha visto por última vez Precio válido a partir de Tipo de ítem Koha
El ejemplar forma parte de la colección y puede ser consultado según las políticas vigentes.       Biblioteca del Museo Franz Mayer (Rogerio Casas-Alatriste) Biblioteca del Museo Franz Mayer (Rogerio Casas-Alatriste) 26/01/2012   N820 .R45 2005 02664 22/03/2019 22/03/2019 Libros